Statistiques concernant Phrasal Verbs #3

Cliquez ici pour prendre le quiz!

Statistiques générales

  • Ce quiz a été pris 8 fois
  • Le résultat moyen est 20 sur 34

Statistiques - réponses

Hint Answer % Correct
Chercher / s'occuper deLook out for... out for
86%
S'occuper deLook after... after
86%
Faire attentionLook out... out
86%
Attendre avec impatienceLook forward to... forward to
86%
ChercherLook for... for
86%
RegarderLook at... at
86%
Entendre parler deHear for... for
86%
Avoir des nouvelles deHear from... from
86%
Se retourner / regarder / visiterLook round... round
86%
EnfermerLock in... in
71%
AttendreHang on... on
71%
Fréquenter / traînerHang out... out
71%
Se moquer deLaugh at... at
71%
Enfermer dehorsLock out... out
71%
Faire entrer / laisser entrerLet in... in
57%
TendreHold out... out
57%
Remettre / CéderHand over... over
57%
Venir en aideHelp out... out
57%
Ne pas punir / faire partir / tirerLet off... off
57%
Attendre / s'accrocherHold on... on
57%
DistribuerHand out... out
57%
Se connecterLog in/on... in/on
43%
Etre au courant de / s'y connaître enKnow about... about
43%
Assomer / éliminerKnock out... out
43%
Sauter dedans / plongerJump in... in
43%
Participer (à)Join in... in
43%
RendreHand in... in
43%
RenverserKnock over... over
43%
Laisser de côtéLeave aside... aside
43%
OublierLeave out... out
43%
Se diriger versHead for... for
14%
Ne pas entrer dansKeep out... out
14%
Se pencherLean over... over
14%
DécollerLift off... off
0%

Distribution des résultats

Percentile by Number Answered

% des personnes avec chaque résultat

Votre développement - résultats

Vous n’avez pas pris ce quiz